1040 1649 1584 1516 1542 1156 1464 1221 1887 1204 1459 1463 1657 1340 1504 1716 1604 1327 1374 1525 1000 1272 1584 1305 1742 1577 1166 1081 1994 1885 1334 1040 1965 1125 1210 1254 1332 1675 1020 1387 1489 1964 1003 1479 1467 1494 1964 1738 1902 1266 1514 1322 1047 1763 1978 1831 1113 1122 1839 1113 1966 1106 1141 1857 1708 1154 1645 1068 1475 1761 1981 1920 1385 1210 1644 1530 1932 1538 1481 1116 1519 1410 1749 1857 1309 1676 1209 1382 1638 1820 1917 1890 1987 1922 1823 1656 1309 1505 1545 BCNSPRNW ULIB Ver.6.0+V

เปลี่ยนเป็นภาษาไทย

Change to English
 แสดงรายละเอียดบรรณานุกรม
  กลับหน้าหลัก

Brief Record : Get Marc (ISO 2709) : E-mail record : QR code < ปิดหน้าต่าง
LEADER : 00000nam 2200000uu 4500
001    13399124274
003     ULIB
008    150216s2557 th 000 0 tha d
020    ^a9789746522786
060 04 ^aQS4^bก768ม
100 0  ^aเกล็ดแก้ว ด่านวิวัฒน์
245 10 ^aมหกายวิภาคศาสตร์พื้นฐาน /^cเกล็ดแก้ว ด่านวิวัฒน์
250    ^aพิมพ์ครั้งที่ 2.
260    ^aกรุงเทพฯ :^bไอกรุ๊ปเพรส,^c2557.
300    ^a196 หน้า :^bภาพประกอบ ;^c27 ซม.
500    ^aSend to Single Search.
650  4 ^aกายวิภาคศาสตร์
945    ^p250^l0^i039229
999    ^aทศพร
รายการนี้ยังไม่มีแท็ก
คุณยังไม่ได้ล็อกอิน คุณสามารถมีกิจกรรมร่วมกับเว็บไซต์ได้ แต่ต้องล็อกอินก่อน ::
  ล็อกอิน

รายการสื่อสารสนเทศ

ลำดับที่ ประเภท เลขเรียก/บาร์โค้ด สถานที่ สถานะ
1. วิทยาศาสตร์การแพทย์ และสุขภาพ
วิทยาศาสตร์การแพทย์ และสุขภาพ
สถานะ=หนังสือเก่า
QS4 ก768ม ฉ.1 
  Barcode: 039229
ห้องสมุดวิทยาเขตสวรรค์ประชารักษ์
►ส่วนจัดเก็บหนังสือเก่า สปร
บนชั้น
  ขอยืม

รายการใกล้เคียง
    ผู้แต่ง [เกล็ดแก้ว ด่านวิวัฒน์]

    หัวเรื่อง [กายวิภาคศาสตร์]

BibComment


ยังไม่เคยถูกคอมเมนท์

คอมเมนท์ทรัพยากรรายการนี้
  คอมเมนท์: มหกายวิภาคศาสตร์..


 Copyright 2026. Bcnsprnw @Library